{"text_format":"3","workbook":"xlsx","n_sheets":1,"sheets":["st2_protocoldata_subj"],"read":"whole","date_system":"1900"}

{"sheet":"st2_protocoldata_subj","index":0,"n_rows":76,"n_cols":14,"rows_kept":76}
["№","Фамлия","Имя","Отчество","Пол","Участник с ОВЗ","Класс","Класс участия","Балл","Макс. Балл","Статус","Призер МЭ прошлого года","Учитель","Место работы учителя"]
[1,3,4,5,6,8,9,10,11,12,13,14,15,16]
[1,"Абдуллин","Карим","Айгизович","м","нет",5,5,21.8,25,"победитель","нет","Стеганцева Ирина Петровна","Государственное бюджетное общеобразовательное учреждение \"Кадетская школа №82 имени Героя Советского Союза Ильдара Маннанова\" г. Набережные Челны Республики Татарстан"]
[2,"Гусейханова","Радмила","Анатольевна","ж","нет",5,5,16,25,"участник","нет","Стеганцева Ирина Петровна","Государственное бюджетное общеобразовательное учреждение \"Кадетская школа №82 имени Героя Советского Союза Ильдара Маннанова\" г. Набережные Челны Республики Татарстан"]
[3,"Казарина","Аделина","Максимовна","ж","нет",5,5,12.6,25,"участник","нет","Стеганцева Ирина Петровна","Государственное бюджетное общеобразовательное учреждение \"Кадетская школа №82 имени Героя Советского Союза Ильдара Маннанова\" г. Набережные Челны Республики Татарстан"]
[4,"Кильмаматов","Даниил","Ильнурович","м","нет",5,5,18.6,25,"призер","нет","Стеганцева Ирина Петровна","Государственное бюджетное общеобразовательное учреждение \"Кадетская школа №82 имени Героя Советского Союза Ильдара Маннанова\" г. Набережные Челны Республики Татарстан"]
[5,"Кунах","Аксения","Евгеньевна","ж","нет",5,5,12.4,25,"участник","нет","Стеганцева Ирина Петровна","Государственное бюджетное общеобразовательное учреждение \"Кадетская школа №82 имени Героя Советского Союза Ильдара Маннанова\" г. Набережные Челны Республики Татарстан"]
[6,"Моргунова","Елизавета","Витальевна","ж","нет",5,5,9.8,25,"участник","нет","Стеганцева Ирина Петровна","Государственное бюджетное общеобразовательное учреждение \"Кадетская школа №82 имени Героя Советского Союза Ильдара Маннанова\" г. Набережные Челны Республики Татарстан"]
[7,"Мухиярова","Юлия","Сергеевна","ж","нет",5,5,9.8,25,"участник","нет","Стеганцева Ирина Петровна","Государственное бюджетное общеобразовательное учреждение \"Кадетская школа №82 имени Героя Советского Союза Ильдара Маннанова\" г. Набережные Челны Республики Татарстан"]
[8,"Селезнева","Василиса","Александровна","ж","нет",5,5,7.6,25,"участник","нет","Стеганцева Ирина Петровна","Государственное бюджетное общеобразовательное учреждение \"Кадетская школа №82 имени Героя Советского Союза Ильдара Маннанова\" г. Набережные Челны Республики Татарстан"]
[9,"Хамматов","Нурислам","Маратович","м","нет",5,5,12,25,"участник","нет","Стеганцева Ирина Петровна","Государственное бюджетное общеобразовательное учреждение \"Кадетская школа №82 имени Героя Советского Союза Ильдара Маннанова\" г. Набережные Челны Республики Татарстан"]
[10,"Юльякшина","Айсылу","Ильнуровна","ж","нет",5,5,11,25,"участник","нет","Стеганцева Ирина Петровна","Государственное бюджетное общеобразовательное учреждение \"Кадетская школа №82 имени Героя Советского Союза Ильдара Маннанова\" г. Набережные Челны Республики Татарстан"]
[11,"Вилданов","Данияр","Ильназович","м","нет",5,5,7.8,25,"участник","нет","Стеганцева Ирина Петровна","Государственное бюджетное общеобразовательное учреждение \"Кадетская школа №82 имени Героя Советского Союза Ильдара Маннанова\" г. Набережные Челны Республики Татарстан"]
[12,"Гараев","Рамиль","Артурович","м","нет",5,5,17.8,25,"призер","нет","Стеганцева Ирина Петровна","Государственное бюджетное общеобразовательное учреждение \"Кадетская школа №82 имени Героя Советского Союза Ильдара Маннанова\" г. Набережные Челны Республики Татарстан"]
[13,"Гафуров","Альфир","Русланович","м","нет",5,5,8.6,25,"участник","нет","Стеганцева Ирина Петровна","Государственное бюджетное общеобразовательное учреждение \"Кадетская школа №82 имени Героя Советского Союза Ильдара Маннанова\" г. Набережные Челны Республики Татарстан"]
[14,"Майборода","Ксения","Антоновна","ж","нет",5,5,13.2,25,"участник","нет","Стеганцева Ирина Петровна","Государственное бюджетное общеобразовательное учреждение \"Кадетская школа №82 имени Героя Советского Союза Ильдара Маннанова\" г. Набережные Челны Республики Татарстан"]
[15,"Олейников","Кирилл","Денисович","м","нет",5,5,17.4,25,"призер","нет","Стеганцева Ирина Петровна","Государственное бюджетное общеобразовательное учреждение \"Кадетская школа №82 имени Героя Советского Союза Ильдара Маннанова\" г. Набережные Челны Республики Татарстан"]
[16,"Смирнов","Данил","Анатольевич","м","нет",5,5,5.2,25,"участник","нет","Стеганцева Ирина Петровна","Государственное бюджетное общеобразовательное учреждение \"Кадетская школа №82 имени Героя Советского Союза Ильдара Маннанова\" г. Набережные Челны Республики Татарстан"]
[17,"Сорокин","Данил","Вячеславович","м","нет",5,5,16.4,25,"участник","нет","Стеганцева Ирина Петровна","Государственное бюджетное общеобразовательное учреждение \"Кадетская школа №82 имени Героя Советского Союза Ильдара Маннанова\" г. Набережные Челны Республики Татарстан"]
[18,"Утробин","Никита","Максимович","м","нет",5,5,16.8,25,"участник","нет","Стеганцева Ирина Петровна","Государственное бюджетное общеобразовательное учреждение \"Кадетская школа №82 имени Героя Советского Союза Ильдара Маннанова\" г. Набережные Челны Республики Татарстан"]
[19,"Ямалетдинов","Артемий","Марселевич","м","нет",5,5,10.6,25,"участник","нет","Стеганцева Ирина Петровна","Государственное бюджетное общеобразовательное учреждение \"Кадетская школа №82 имени Героя Советского Союза Ильдара Маннанова\" г. Набережные Челны Республики Татарстан"]
[20,"Зайцев","Тимур","Владиславович","м","нет",6,6,13,25,"участник","нет","Стеганцева Ирина Петровна","Государственное бюджетное общеобразовательное учреждение \"Кадетская школа №82 имени Героя Советского Союза Ильдара Маннанова\" г. Набережные Челны Республики Татарстан"]
[21,"Зольникова","Дания","Андреевна","ж","нет",6,6,14.2,25,"участник","нет","Стеганцева Ирина Петровна","Государственное бюджетное общеобразовательное учреждение \"Кадетская школа №82 имени Героя Советского Союза Ильдара Маннанова\" г. Набережные Челны Республики Татарстан"]
[22,"Колчерин","Алексей","Максимович","м","нет",6,6,7.2,25,"участник","нет","Стеганцева Ирина Петровна","Государственное бюджетное общеобразовательное учреждение \"Кадетская школа №82 имени Героя Советского Союза Ильдара Маннанова\" г. Набережные Челны Республики Татарстан"]
[23,"Лекандров","Евгений","Александрович","м","нет",6,6,3.6,25,"участник","нет","Стеганцева Ирина Петровна","Государственное бюджетное общеобразовательное учреждение \"Кадетская школа №82 имени Героя Советского Союза Ильдара Маннанова\" г. Набережные Челны Республики Татарстан"]
[24,"Нурмехаметов","Роман","Ильгизарович","м","нет",6,6,17.6,25,"призер","нет","Стеганцева Ирина Петровна","Государственное бюджетное общеобразовательное учреждение \"Кадетская школа №82 имени Героя Советского Союза Ильдара Маннанова\" г. Набережные Челны Республики Татарстан"]
[25,"Сиразиев","Тимур","Ирекович","м","нет",6,6,15,25,"участник","нет","Стеганцева Ирина Петровна","Государственное бюджетное общеобразовательное учреждение \"Кадетская школа №82 имени Героя Советского Союза Ильдара Маннанова\" г. Набережные Челны Республики Татарстан"]
[26,"Маликов","Тимур","Ранисович","м","нет",6,6,6.8,25,"участник","нет","Стеганцева Ирина Петровна","Государственное бюджетное общеобразовательное учреждение \"Кадетская школа №82 имени Героя Советского Союза Ильдара Маннанова\" г. Набережные Челны Республики Татарстан"]
[27,"Матвеева","Ольга","Андреевна","ж","нет",6,6,15.8,25,"участник","нет","Стеганцева Ирина Петровна","Государственное бюджетное общеобразовательное учреждение \"Кадетская школа №82 имени Героя Советского Союза Ильдара Маннанова\" г. Набережные Челны Республики Татарстан"]
[28,"Агафонов","Вильдан","Айратович","м","нет",7,7,16.2,30,"участник","нет","Стеганцева Ирина Петровна","Государственное бюджетное общеобразовательное учреждение \"Кадетская школа №82 имени Героя Советского Союза Ильдара Маннанова\" г. Набережные Челны Республики Татарстан"]
[29,"Арсланов","Камиль","Маратович","м","нет",7,7,16,30,"участник","нет","Стеганцева Ирина Петровна","Государственное бюджетное общеобразовательное учреждение \"Кадетская школа №82 имени Героя Советского Союза Ильдара Маннанова\" г. Набережные Челны Республики Татарстан"]
[30,"Гареев","Тимур","Фларитович","м","нет",7,7,16.2,30,"участник","нет","Стеганцева Ирина Петровна","Государственное бюджетное общеобразовательное учреждение \"Кадетская школа №82 имени Героя Советского Союза Ильдара Маннанова\" г. Набережные Челны Республики Татарстан"]
[31,"Коноплёва","Яна","Сергеевна","ж","нет",7,7,9,30,"участник","нет","Стеганцева Ирина Петровна","Государственное бюджетное общеобразовательное учреждение \"Кадетская школа №82 имени Героя Советского Союза Ильдара Маннанова\" г. Набережные Челны Республики Татарстан"]
[32,"Кузьмичев","Арсений","Евгеньевич","м","нет",7,7,15.4,30,"участник","нет","Стеганцева Ирина Петровна","Государственное бюджетное общеобразовательное учреждение \"Кадетская школа №82 имени Героя Советского Союза Ильдара Маннанова\" г. Набережные Челны Республики Татарстан"]
[33,"Лежнев","Максим","Алексеевич","м","нет",7,7,11.6,30,"участник","нет","Стеганцева Ирина Петровна","Государственное бюджетное общеобразовательное учреждение \"Кадетская школа №82 имени Героя Советского Союза Ильдара Маннанова\" г. Набережные Челны Республики Татарстан"]
[34,"Питаев","Арслан","Ринатович","м","нет",7,7,18,30,"участник","нет","Стеганцева Ирина Петровна","Государственное бюджетное общеобразовательное учреждение \"Кадетская школа №82 имени Героя Советского Союза Ильдара Маннанова\" г. Набережные Челны Республики Татарстан"]
[35,"Султанов","Дамир","Гумарович","м","нет",7,7,18,30,"участник","нет","Стеганцева Ирина Петровна","Государственное бюджетное общеобразовательное учреждение \"Кадетская школа №82 имени Героя Советского Союза Ильдара Маннанова\" г. Набережные Челны Республики Татарстан"]
[36,"Чернышов","Кирилл","Дмитриевич","м","нет",7,7,24.8,30,"победитель","нет","Стеганцева Ирина Петровна","Государственное бюджетное общеобразовательное учреждение \"Кадетская школа №82 имени Героя Советского Союза Ильдара Маннанова\" г. Набережные Челны Республики Татарстан"]
[37,"Ямалиев","Раиль","Рамисович","м","нет",7,7,21.8,30,"призер","нет","Стеганцева Ирина Петровна","Государственное бюджетное общеобразовательное учреждение \"Кадетская школа №82 имени Героя Советского Союза Ильдара Маннанова\" г. Набережные Челны Республики Татарстан"]
[38,"Горнов","Ростислав","Владимирович","м","нет",7,7,12.8,30,"участник","нет","Стеганцева Ирина Петровна","Государственное бюджетное общеобразовательное учреждение \"Кадетская школа №82 имени Героя Советского Союза Ильдара Маннанова\" г. Набережные Челны Республики Татарстан"]
[39,"Бирюков","Валерий","Максимович","м","нет",7,7,13,30,"участник","нет","Стеганцева Ирина Петровна","Государственное бюджетное общеобразовательное учреждение \"Кадетская школа №82 имени Героя Советского Союза Ильдара Маннанова\" г. Набережные Челны Республики Татарстан"]
[40,"Галиахметов","Ислам","Ильгизович","м","нет",7,7,17.6,30,"участник","нет","Стеганцева Ирина Петровна","Государственное бюджетное общеобразовательное учреждение \"Кадетская школа №82 имени Героя Советского Союза Ильдара Маннанова\" г. Набережные Челны Республики Татарстан"]
[41,"Горячев","Михаил","Владимирович","м","нет",7,7,11,30,"участник","нет","Стеганцева Ирина Петровна","Государственное бюджетное общеобразовательное учреждение \"Кадетская школа №82 имени Героя Советского Союза Ильдара Маннанова\" г. Набережные Челны Республики Татарстан"]
[42,"Алюков","Булат","Маратович","м","нет",8,8,8.8,33,"участник","нет","Стеганцева Ирина Петровна","Государственное бюджетное общеобразовательное учреждение \"Кадетская школа №82 имени Героя Советского Союза Ильдара Маннанова\" г. Набережные Челны Республики Татарстан"]
[43,"Ахатов","Амир","Анварович","м","нет",8,8,13,33,"участник","нет","Стеганцева Ирина Петровна","Государственное бюджетное общеобразовательное учреждение \"Кадетская школа №82 имени Героя Советского Союза Ильдара Маннанова\" г. Набережные Челны Республики Татарстан"]
[44,"Ахметшин","Рузаль","Ильназович","м","нет",8,8,8.4,33,"участник","нет","Стеганцева Ирина Петровна","Государственное бюджетное общеобразовательное учреждение \"Кадетская школа №82 имени Героя Советского Союза Ильдара Маннанова\" г. Набережные Челны Республики Татарстан"]
[45,"Боровская","Юлия","Дмитриевна","ж","нет",8,8,8.4,33,"участник","нет","Стеганцева Ирина Петровна","Государственное бюджетное общеобразовательное учреждение \"Кадетская школа №82 имени Героя Советского Союза Ильдара Маннанова\" г. Набережные Челны Республики Татарстан"]
[46,"Волкова","Дарья","Владимировна","ж","нет",8,8,11,33,"участник","нет","Стеганцева Ирина Петровна","Государственное бюджетное общеобразовательное учреждение \"Кадетская школа №82 имени Героя Советского Союза Ильдара Маннанова\" г. Набережные Челны Республики Татарстан"]
[47,"Кашапов","Радмир","Рамилевич","м","нет",8,8,6.6,33,"участник","нет","Стеганцева Ирина Петровна","Государственное бюджетное общеобразовательное учреждение \"Кадетская школа №82 имени Героя Советского Союза Ильдара Маннанова\" г. Набережные Челны Республики Татарстан"]
[48,"Одинцов","Данила","Артёмович","м","нет",8,8,8.4,33,"участник","нет","Стеганцева Ирина Петровна","Государственное бюджетное общеобразовательное учреждение \"Кадетская школа №82 имени Героя Советского Союза Ильдара Маннанова\" г. Набережные Челны Республики Татарстан"]
[49,"Панчехин","Демид","Николаевич","м","нет",8,8,10,33,"участник","нет","Стеганцева Ирина Петровна","Государственное бюджетное общеобразовательное учреждение \"Кадетская школа №82 имени Героя Советского Союза Ильдара Маннанова\" г. Набережные Челны Республики Татарстан"]
[50,"Файрушин","Дамир","Айдарович","м","нет",8,8,8,33,"участник","нет","Стеганцева Ирина Петровна","Государственное бюджетное общеобразовательное учреждение \"Кадетская школа №82 имени Героя Советского Союза Ильдара Маннанова\" г. Набережные Челны Республики Татарстан"]
[51,"Акчурин","Тимур","Алмазович","м","нет",8,8,12.2,33,"участник","нет","Стеганцева Ирина Петровна","Государственное бюджетное общеобразовательное учреждение \"Кадетская школа №82 имени Героя Советского Союза Ильдара Маннанова\" г. Набережные Челны Республики Татарстан"]
[52,"Андреев","Константин","Андреевич","м","нет",8,8,5.8,33,"участник","нет","Стеганцева Ирина Петровна","Государственное бюджетное общеобразовательное учреждение \"Кадетская школа №82 имени Героя Советского Союза Ильдара Маннанова\" г. Набережные Челны Республики Татарстан"]
[53,"Рогожников","Тимофей","Иванович","м","нет",8,8,11,33,"участник","нет","Стеганцева Ирина Петровна","Государственное бюджетное общеобразовательное учреждение \"Кадетская школа №82 имени Героя Советского Союза Ильдара Маннанова\" г. Набережные Челны Республики Татарстан"]
[54,"Скрипин","Ефим","Владимирович","м","нет",8,8,9.6,33,"участник","нет","Стеганцева Ирина Петровна","Государственное бюджетное общеобразовательное учреждение \"Кадетская школа №82 имени Героя Советского Союза Ильдара Маннанова\" г. Набережные Челны Республики Татарстан"]
[55,"Хуснутдинов","Айдар","Русланович","м","нет",8,8,8.8,33,"участник","нет","Стеганцева Ирина Петровна","Государственное бюджетное общеобразовательное учреждение \"Кадетская школа №82 имени Героя Советского Союза Ильдара Маннанова\" г. Набережные Челны Республики Татарстан"]
[56,"Шмилюк","Даниил","Николаевич","м","нет",8,8,10,33,"участник","нет","Стеганцева Ирина Петровна","Государственное бюджетное общеобразовательное учреждение \"Кадетская школа №82 имени Героя Советского Союза Ильдара Маннанова\" г. Набережные Челны Республики Татарстан"]
[57,"Амахин","Даниил","Валерьевич","м","нет",8,8,9.8,33,"участник","нет","Стеганцева Ирина Петровна","Государственное бюджетное общеобразовательное учреждение \"Кадетская школа №82 имени Героя Советского Союза Ильдара Маннанова\" г. Набережные Челны Республики Татарстан"]
[58,"Дорофеев","Иван","Олегович","м","нет",8,8,9.8,33,"участник","нет","Стеганцева Ирина Петровна","Государственное бюджетное общеобразовательное учреждение \"Кадетская школа №82 имени Героя Советского Союза Ильдара Маннанова\" г. Набережные Челны Республики Татарстан"]
[59,"Емельянова","Анастасия","Евгеньевна","ж","нет",8,8,11.2,33,"участник","нет","Стеганцева Ирина Петровна","Государственное бюджетное общеобразовательное учреждение \"Кадетская школа №82 имени Героя Советского Союза Ильдара Маннанова\" г. Набережные Челны Республики Татарстан"]
[60,"Рамазанов","Айзат","Айратович","м","нет",8,8,9.8,33,"участник","нет","Стеганцева Ирина Петровна","Государственное бюджетное общеобразовательное учреждение \"Кадетская школа №82 имени Героя Советского Союза Ильдара Маннанова\" г. Набережные Челны Республики Татарстан"]
[61,"Клементьев","Никита","Васильевич","м","нет",9,9,12.5,57,"участник","нет","Стеганцева Ирина Петровна","Государственное бюджетное общеобразовательное учреждение \"Кадетская школа №82 имени Героя Советского Союза Ильдара Маннанова\" г. Набережные Челны Республики Татарстан"]
[62,"Акименко","Ольга","Игоревна","ж","нет",9,9,16.4,57,"участник","нет","Стеганцева Ирина Петровна","Государственное бюджетное общеобразовательное учреждение \"Кадетская школа №82 имени Героя Советского Союза Ильдара Маннанова\" г. Набережные Челны Республики Татарстан"]
[63,"Анисимов","Илья","Вадимович","м","нет",9,9,12.8,57,"участник","нет","Стеганцева Ирина Петровна","Государственное бюджетное общеобразовательное учреждение \"Кадетская школа №82 имени Героя Советского Союза Ильдара Маннанова\" г. Набережные Челны Республики Татарстан"]
[64,"Воронин","Никита","Сергеевич","м","нет",9,9,18.4,57,"участник","нет","Стеганцева Ирина Петровна","Государственное бюджетное общеобразовательное учреждение \"Кадетская школа №82 имени Героя Советского Союза Ильдара Маннанова\" г. Набережные Челны Республики Татарстан"]
[65,"Елагина","Полина","Дмитриевна","ж","нет",9,9,13.6,57,"участник","нет","Стеганцева Ирина Петровна","Государственное бюджетное общеобразовательное учреждение \"Кадетская школа №82 имени Героя Советского Союза Ильдара Маннанова\" г. Набережные Челны Республики Татарстан"]
[66,"Камышов","Никита","Ильич","м","нет",9,9,14.5,57,"участник","нет","Стеганцева Ирина Петровна","Государственное бюджетное общеобразовательное учреждение \"Кадетская школа №82 имени Героя Советского Союза Ильдара Маннанова\" г. Набережные Челны Республики Татарстан"]
[67,"Кунах","Виктор","Евгеньевич","м","нет",9,9,21,57,"участник","нет","Стеганцева Ирина Петровна","Государственное бюджетное общеобразовательное учреждение \"Кадетская школа №82 имени Героя Советского Союза Ильдара Маннанова\" г. Набережные Челны Республики Татарстан"]
[68,"Можаев","Дмитрий","Александрович","м","нет",9,9,18.4,57,"участник","нет","Стеганцева Ирина Петровна","Государственное бюджетное общеобразовательное учреждение \"Кадетская школа №82 имени Героя Советского Союза Ильдара Маннанова\" г. Набережные Челны Республики Татарстан"]
[69,"Ахатов","Ришат","Анварович","м","нет",10,10,23,64,"участник","нет","Стеганцева Ирина Петровна","Государственное бюджетное общеобразовательное учреждение \"Кадетская школа №82 имени Героя Советского Союза Ильдара Маннанова\" г. Набережные Челны Республики Татарстан"]
[70,"Глухова","Вероника","Владимировна","ж","нет",10,10,33.1,64,"призер","нет","Стеганцева Ирина Петровна","Государственное бюджетное общеобразовательное учреждение \"Кадетская школа №82 имени Героя Советского Союза Ильдара Маннанова\" г. Набережные Челны Республики Татарстан"]
[71,"Забродина","Дарья","Андреевна","ж","нет",10,10,20.5,64,"участник","нет","Стеганцева Ирина Петровна","Государственное бюджетное общеобразовательное учреждение \"Кадетская школа №82 имени Героя Советского Союза Ильдара Маннанова\" г. Набережные Челны Республики Татарстан"]
[72,"Закиров","Тимур","Альбертович","м","нет",10,10,35,64,"победитель","нет","Стеганцева Ирина Петровна","Государственное бюджетное общеобразовательное учреждение \"Кадетская школа №82 имени Героя Советского Союза Ильдара Маннанова\" г. Набережные Челны Республики Татарстан"]
[73,"Почивалов","Булат","Айгизович","м","нет",10,10,24,64,"участник","нет","Стеганцева Ирина Петровна","Государственное бюджетное общеобразовательное учреждение \"Кадетская школа №82 имени Героя Советского Союза Ильдара Маннанова\" г. Набережные Челны Республики Татарстан"]
[74,"Фархутдинова","Азалия","Алмазовна","ж","нет",10,10,20.8,64,"участник","нет","Стеганцева Ирина Петровна","Государственное бюджетное общеобразовательное учреждение \"Кадетская школа №82 имени Героя Советского Союза Ильдара Маннанова\" г. Набережные Челны Республики Татарстан"]